000 00810nam a22002537a 4500
003 OSt
005 20240530073925.0
008 210322b 2020 dr a 00| 0 eng d
020 _a9789945503838
040 _aDO-SdBNP
_bspa
_cBNPHU
082 4 _222
_aRD863.5
_bJ61d
100 1 _aJiménez Guillen, Isidro,
_d1987-
_978193
245 1 0 _aDe la esquina se ve todo /
_cIsidro Jiménez Guillén
260 _aSanto Domingo :
_bEdiciones Ferilibro,
_c2020.
300 _a112 p. ;
_c21 cm.
490 1 _aNarrativa
500 _aIncluye datos biográficos del autor en la solapa de la cubierta.
590 _aInventariado, 2021 /LP
650 0 _aNovela dominicana
_9223
650 4 _aLiteratura dominicana
_979088
830 0 _aNarrativa
_911366
910 _aValidado. Control de calidad MFF
942 _2ddc
_cLBS1
999 _c49637
_d49637